Formel 1 Podium 1982 - Statistiken

Allgemein
  • Dieses Quiz wurde 51 mal gespielt
  • Das Durchschnittsergebnis liegt bei 11 aus 18
Antwortstatistiken
Antwort % Korrekt
Alain Prost
97%
Niki Lauda
91%
Keke Rosberg
85%
Nelson Piquet
82%
Rene Arnoux
73%
Didier Pironi
70%
Gilles Villeneuve
70%
Nigel Mansell
70%
Michele Alboreto
67%
Riccardo Patrese
64%
John Watson
61%
Carlos Reutemann
55%
Elio de Angelis
55%
Patrick Tambay
55%
Jacques Laffite
48%
Mario Andretti
39%
Eddie Cheever
36%
Andrea de Cesaris
33%
Keine übereinstimmenden Quizze gefunden
Verteilung der Resultate
Anzahl Personen mit jedem Resultat
Perzentil nach korrekt beantworteten Fragen
Ihre Resultats-Entwicklung
Sie haben dieses Quiz noch nicht gespielt